| 000 | 00588nam a2200181 i 4500 | ||
|---|---|---|---|
| 001 | 55575 | ||
| 003 | ES-MaACL | ||
| 005 | 20230906163155.0 | ||
| 007 | t| | ||
| 008 | 030923s1970 sp ||||1| spa d | ||
| 100 | 1 |
_aDesclaude, Georges. _943855 |
|
| 245 | 1 | 3 |
_aLa empresa agraria y su gestión / _cpor Georges Desclaude, Jean Tondut ; versión Nicolás López de Coca. |
| 260 |
_aMadrid : _bMundi-Prensa, _c1970. |
||
| 300 |
_a318 p., 1 gráf. pleg. ; _c22 cm. |
||
| 700 | 1 |
_aTondut, Jean. _9110568 |
|
| 700 | 1 |
_aLópez de Coca, Nicolás. _973537 |
|
| 852 |
_aES-MaACL _jC-44736 _bR.75535 |
||
| 999 |
_c55575 _d55575 |
||